000
00257nam a22001217a 4500
082
_a
821
_b
GAU/O
100
_a
GAUTHAM,D.N
245
_a
OCEAN AND WAVE
260
_a
NEW DELHI
_b
RUPENDRA KASHYAP
300
_a
144
650
_a
POETRY
_z
NEW DELHI
942
_c
BK
999
_c
3890
_d
3890